La enseñanza de la ética en los Colegios Técnicos Profesionales: reseña histórica y análisis de su origen y práctica en la educación costarricense desde 1957 hasta 2021
De acuerdo con el resumen, esta memoria tiene como objetivo realizar una reseña histórica y un análisis del origen y la práctica de la educación costarricense desde 1957 hasta 2021, con énfasis en la enseñanza de la ética en los Colegios Técnicos Profesionales del país
সংরক্ষণ করুন:
| প্রধান লেখক: | |
|---|---|
| বিন্যাস: | গ্রন্থ |
| ভাষা: | Spanish |
| প্রকাশিত: |
San José, Costa Rica
Universidad de Costa Rica, Facultad de Letras, Escuela de Filosofía
2022
|
| বিষয়গুলি: | |
| ট্যাগগুলো: |
ট্যাগ যুক্ত করুন
কোনো ট্যাগ নেই, প্রথমজন হিসাবে ট্যাগ করুন!
|
MARC
| LEADER | 00000nam a22000007a 4500 | ||
|---|---|---|---|
| 008 | 181030b xxu||||| |||| 00| 0 spa d | ||
| 040 | |a cru BVZT | ||
| 090 | |a TFG 976 | ||
| 100 | |a Alvarado Escalón, Carlos Adrián; Arias Bonila, Andrea; Guadamuz Monge, Pablo Daniel; Martínez Marín, Carlos Eduardo; Quirós Moya, María Fernanda; Vargas Díaz; María Asunción |9 2151 | ||
| 245 | |a La enseñanza de la ética en los Colegios Técnicos Profesionales: reseña histórica y análisis de su origen y práctica en la educación costarricense desde 1957 hasta 2021 |c / Carlos Adrián Alvarado Escalón; Andrea Arias Bonilla; Pablo Daniel Guadamuz Monge; Carlos Eduardo Martínez Marín; María Fernanda Quirós Moya; María Asunción Vargas Díaz | ||
| 260 | |a San José, Costa Rica |b Universidad de Costa Rica, Facultad de Letras, Escuela de Filosofía |c 2022 | ||
| 300 | |a 223 páginas | ||
| 520 | |a De acuerdo con el resumen, esta memoria tiene como objetivo realizar una reseña histórica y un análisis del origen y la práctica de la educación costarricense desde 1957 hasta 2021, con énfasis en la enseñanza de la ética en los Colegios Técnicos Profesionales del país | ||
| 650 | |a TRABAJO FINAL DE GRADUACIÓN |9 237 | ||
| 650 | |a TESIS DE LICENCIATURA EN LA ENSEÑANZA FILOSOFIA |9 2152 | ||
| 650 | |a ESNSEÑANZA DE LA ÉTICA |9 2153 | ||
| 650 | |a ENSEÑANZA DE LA FILOSFÍA EN COSTA RICA |9 2154 | ||
| 650 | |a EDUCACION COSTARRICENSE 1957 -2021 |9 2196 | ||
| 650 | |a RESEÑA HITÓRICA Y ANÁLISIS |9 2197 | ||
| 650 | |a COLEGIOS TÉCNICOS PROFESIONALES |9 2198 | ||
| 942 | |2 z |c TFG |i 1374TES |h TESIS 976 |6 TESIS_976_1374TES | ||
| 999 | |c 31041 |d 31041 | ||
